01267cam a22004094i 4500003000900000005001700009008004100026020001500067035002700082040003300109082002400142100002700166245013600193264005400329300005500383336002100438337002500459338002300484490004500507504002800552505004200580526000900622526000900631526000900640526000900649526000900658526000900667526000800676526000800684526000800692526000800700526000800708526000800716650005100724650005200775651003000827PE-LiUPU20250731184606.0150616s r 000 0 d a0906090431 a(Sirsi) i9780906090435 aPE-LiUPUbspacPE-LiUPUerda04a913.095695bM122211 aMacDonald, B.,eautor.14aThe Southern Ghors and Northeast 'Arabah archaeological survey /cpor B. MacDonald ; con mayor contribución de K. 'Amr [y otros]. 1aGreat Britain :bJ.R. Collis Publications,c1992. a290 páginas :bIlustraciones ;c30 centímetros atext2rdacontent aunmediated2rdamedia avolume2rdacarrier0 aSheffield Archaeological Monographs ;v5 aIncluye bibliografía.0 aArqueología e historia de Jordania. aP136 aP135 aP134 aP133 aP144 aP143 aP87 aP35 aP20 aP14 aP10 aP0604aExcavaciones arqueológicaszJordan - 'Araba.04aExcavaciones arqueológicaszJordania - Ghors. aJordaniaxAntigüedades.